00319nam a22001337a 4500003000400000008004100004020001800045082001400063100002200077245003200099260003400131300000800165650001200173OSt250530b |||||||| |||| 00| 0 eng d a9780140278637 a728.9 ANP aANANTH, Sashikala aThe Penguin Guide To Vaastu aGurugrambPenguin Booksc1999 a197 aGeneral